01716nam a2200433 b 4500001001000000003000900010005001700019007000300036008004100039017000600080020001500086035000600101040003000107041001100137080000600148082002700154100005100181245020800232250001300440264003900453300003400492336002900526337003500555338003000590490002500620500007100645534011000716590002600826650003800852650004000890650003800930650002700968700004800995700004001043910004101083942001201124952013101136999001501267001184131DO-SdBPM20250702131122.0ta990416s1998 sp | ||| ||spa  b  a8478443746 a  aDO-SdBPMbspacBPMSUerda1 aspah  0a  4a833.91 bE61d 19982221 aEnzensberger, Hans Magnusd1929-2022. eautor 13aEl diablo de los números :bun libro para todos aquellos que temen a las matemáticas /cHans Magnus Enzensberger ; diseñado e ilustrado por Rotraut Susanne Berner ; traducción de Carlos Forteah  a5ª ed.  aMadrid :bEdiciones Siruela,c1998 a255 páginas . : c25 cm.b  atexto btxt2rdacontent  asin mediación bn2rdamedia  avolumen bnc2rdacarrier 0 aLas tres edades,v57 3Incluye datos biográficos del autor en la solapa de la cubierta  pTítulo original : tDer zablenteufel. Ein kipfkissenbuch fur alle, die angst vor de mathematik haben.  aInventariado, 2025/VM 7aCuentos juveniles alemanes.v 2  7aMatemáticas vCuentos infantiles. 7aNúmeros vCuentos infantiles.  7aJuegos matemáticos. 1 aBerner, RotraSusanne, d1948-eilustrador1 aFortea, Carlos, d1963-etraductor  aVMateo V. Control de calidad. BPMSU  2ddccBK 00102ddc40708CGaBPMETbBPMETd2016-03-09eFUNDIl0oBPMSU CJG 833.91 E61d 1998pBPMSU16030018r2016-03-09w2016-03-09yBK c9156d9156